| 000 | 00708nam a2200265Ia 4500 | ||
|---|---|---|---|
| 008 | 160803s9999 xx 000 0 und d | ||
| 020 | _a9780545303026 | ||
| 100 | _aReynolds, Peter H. | ||
| 245 | _aIsh / | ||
| 245 | _cPeter H. Reynolds. | ||
| 260 | _aNew York : | ||
| 260 | _bScholastic Inc. | ||
| 260 | _c2004 | ||
| 300 | _a[29] unnumbered pages : | ||
| 300 | _bcolor illustrated ; | ||
| 300 | _c20 x 22 cm. | ||
| 500 | _aOriginally published: Cambridge, Massachusetts : Candlewick Press, c2004. | ||
| 650 | _aBrothers and sisters -- | ||
| 650 | _aDrawing -- | ||
| 650 | _aSelf-confidence -- | ||
| 650 | _xFiction. | ||
| 650 | _xFiction. | ||
| 650 | _xFiction. | ||
| 700 | _a440 | ||
| 999 |
_c299620 _d299620 |
||